[Event "EU Universities Rapid"]
[Site "Lodz"]
[Date "2022.07.16"]
[Round "2.17"]
[White "Galiana Fernandez, Adrian"]
[Black "Nagybiro, Laszlo"]
[Result "0-1"]
[WhiteElo "2354"]
[BlackElo "2160"]
[PlyCount "126"]
[EventDate "2022.07.16"]
[EventType "team-swiss (rapid)"]
[EventRounds "9"]
[EventCountry "POL"]
[SourceTitle "CBM 209 Extra"]
[Source "ChessBase"]
[SourceDate "2022.09.30"]
[SourceVersion "1"]
[SourceVersionDate "2022.09.30"]
[SourceQuality "1"]
[WhiteTeam "Valencia Univ"]
[BlackTeam "Pecs Univ"]
[WhiteTeamCountry "ESP"]
[BlackTeamCountry "HUN"]

1. Nf3 Nf6 2. g3 g6 3. Bg2 Bg7 4. d4 0-0 5. 0-0 d5 6. c3 Ne4 7. Nbd2 Nxd2 8. Bxd2 Nd7 9. Qc1 Nf6 10. Bh6 Bf5 11. Bxg7 Kxg7 12. Qf4 Be4 13. Bh3 Bxf3 14. exf3 Qd6 15. Qe5 e6 16. f4 a5 17. a4 Ra6 18. Rae1 Rb6 19. Re2 Rc8 20. g4 Qxe5 21. dxe5 Nd7 22. f5 Nc5 23. Ra1 Nd3 24. f6+ Kf8 25. Rb1 Rc6 26. Bf1 Rc4 27. f3 Rxa4 28. Re3 Nf4 29. Bb5 Ra2 30. Kf2 c6 31. Bf1 g5 32. Kg3 Ke8 33. h4 h6 34. Bd3 a4 35. Bc2 Kd7 36. Ree1 b5 37. Kf2 a3 38. hxg5 hxg5 39. Rh1 Rxb2 40. Rxb2 axb2 41. Rh7 Rf8 42. Ke3 c5 43. Kd2 Kc6 44. Rh1 Ra8 45. Rh7 Ra7 46. Rg7 b4 47. cxb4 c4 48. Kc3 Kb5 49. Rg8 Ra3+ 50. Kxb2 Rxf3 51. Rb8+ Kc6 52. Rf8 Nd3+ 53. Bxd3 cxd3 54. Rxf7 d4 55. b5+ Kxb5 56. Re7 Kc4 57. Rxe6 Rf2+ 58. Kc1 Kd5 59. Re8 Ke4 60. e6 Ke3 61. f7 d2+ 62. Kc2 d3+ 63. Kc3 d1Q 0-1

[Event "Benasque op 41st"]
[Site "Benasque"]
[Date "2022.07.09"]
[Round "4"]
[White "Galiana Fernandez, Adrian"]
[Black "Quesada Perez, Luis Ernesto"]
[Result "1-0"]
[WhiteElo "2354"]
[BlackElo "2549"]
[PlyCount "53"]
[EventDate "2022.07.06"]
[EventType "swiss"]
[EventRounds "10"]
[EventCountry "ESP"]
[SourceTitle "EXT 2023"]
[Source "ChessBase"]
[SourceDate "2022.10.05"]
[SourceVersion "1"]
[SourceVersionDate "2022.10.05"]
[SourceQuality "1"]

1. Nf3 d5 2. g3 Bg4 3. Bg2 Nd7 4. 0-0 c6 5. h3 Bh5 6. d4 e6 7. c4 Be7 8. cxd5 exd5 9. Nc3 Bg6 10. Ne5 Nxe5 11. dxe5 f6 12. e6 f5 13. Nxd5 cxd5 14. Bxd5 Bc5 15. Qa4+ Kf8 16. Bxb7 Rb8 17. Bf3 Qe7 18. Bf4 Rxb2 19. Rac1 Rb4 20. Qa5 Rxf4 21. gxf4 Bb6 22. Rc8+ Be8 23. Qxf5+ Nf6 24. Bc6 Kg8 25. Bxe8 Nxe8 26. Rd1 g6 27. Rd7 1-0

[Event "Titled Tuesday intern op 24th May Early"]
[Site "Chess.com INT"]
[Date "2022.05.24"]
[Round "10"]
[White "Galiana Fernandez, Adrian"]
[Black "Warchol, Kamil"]
[Result "0-1"]
[WhiteElo "2356"]
[BlackElo "2079"]
[PlyCount "122"]
[EventDate "2022.05.24"]
[EventType "swiss (blitz)"]
[EventRounds "11"]
[EventCountry "USA"]
[SourceTitle "EXT 2023"]
[Source "ChessBase"]
[SourceDate "2022.10.05"]
[SourceVersion "1"]
[SourceVersionDate "2022.10.05"]
[SourceQuality "1"]

1. Nf3 d5 2. g3 Nf6 3. Bg2 c6 4. 0-0 Bf5 5. c4 e6 6. Qb3 Qb6 7. d3 Nbd7 8. Be3 Bc5 9. Bxc5 Nxc5 10. Qxb6 axb6 11. Nc3 0-0 12. a4 Na6 13. Nh4 Bg6 14. Nxg6 hxg6 15. e3 Nb4 16. Rfd1 Rfd8 17. Kf1 dxc4 18. dxc4 Nd3 19. b3 Nc5 20. b4 Rxd1+ 21. Rxd1 Ncd7 22. f4 Kf8 23. e4 Ke7 24. e5 Ng4 25. Ke2 Nxh2 26. Rh1 Ng4 27. Bf3 Nh6 28. g4 Rd8 29. Rd1 Ng8 30. Ne4 Ra8 31. Nc3 f6 32. exf6+ gxf6 33. Ke3 e5 34. Be4 exf4+ 35. Kxf4 Ne5 36. g5 Nxc4 37. Bxg6 fxg5+ 38. Kxg5 Rd8 39. Re1+ Kd6 40. Bf5 Ne7 41. Re6+ Kc7 42. Rxe7+ Kb8 43. Rd7 Rg8+ 44. Kf4 Rh8 45. Ke4 Rh4+ 46. Kd3 Ne5+ 47. Kc2 Nxd7 48. Bxd7 Rxb4 49. Be6 Rh4 50. Bb3 Kc7 51. Kb2 Kd6 52. Kc2 Kc5 53. Kb2 Rh2+ 54. Ka3 Rh3 55. Nb1 b5 56. axb5 Kxb5 57. Kb2 Kc5 58. Nd2 b5 59. Kc2 Rh2 60. Kc3 b4+ 61. Kc2 Kd4 0-1

[Event "Titled Tuesday intern op 24th May Late"]
[Site "Chess.com INT"]
[Date "2022.05.24"]
[Round "10"]
[White "Zherebtsova, Alexandra"]
[Black "Galiana Fernandez, Adrian"]
[Result "0-1"]
[WhiteElo "2155"]
[BlackElo "2356"]
[PlyCount "76"]
[EventDate "2022.05.24"]
[EventType "swiss (blitz)"]
[EventRounds "11"]
[EventCountry "USA"]
[SourceTitle "EXT 2023"]
[Source "ChessBase"]
[SourceDate "2022.10.05"]
[SourceVersion "1"]
[SourceVersionDate "2022.10.05"]
[SourceQuality "1"]

1. d4 d5 2. c4 e6 3. Nf3 Nf6 4. g3 Bb4+ 5. Nbd2 Be7 6. Bg2 0-0 7. 0-0 c6 8. Qc2 b6 9. e4 dxe4 10. Nxe4 Bb7 11. Rd1 Nbd7 12. Bf4 Nxe4 13. Qxe4 Nf6 14. Qc2 Bd6 15. Bxd6 Qxd6 16. c5 Qc7 17. Ne5 Rfc8 18. b4 Nd5 19. Rab1 a5 20. a3 axb4 21. axb4 bxc5 22. bxc5 Ba6 23. Bxd5 exd5 24. Rb6 Bb5 25. Rb1 Ra4 26. Qd2 Rca8 27. Kg2 f6 28. Nf3 Ra2 29. Qe3 Qd7 30. Qf4 h5 31. Re1 Kh7 32. Rb8 Rxb8 33. Qxb8 Bd3 34. Re8 Be4 35. Rh8+ Kg6 36. Qf4 Ra3 37. g4 Qxg4+ 38. Qxg4+ hxg4 0-1

[Event "Sitges Sunway op 8th"]
[Site "Sitges"]
[Date "2021.12.23"]
[Round "10"]
[White "Galiana Fernandez, Adrian"]
[Black "Maze, Sebastien"]
[Result "1-0"]
[WhiteElo "2333"]
[BlackElo "2541"]
[PlyCount "51"]
[EventDate "2021.12.13"]
[EventType "swiss"]
[EventRounds "10"]
[EventCountry "ESP"]
[SourceTitle "CBM 205 Extra"]
[Source "ChessBase"]
[SourceDate "2022.01.31"]
[SourceVersion "1"]
[SourceVersionDate "2022.01.31"]
[SourceQuality "1"]

1. d4 Nf6 2. c4 e6 3. Nf3 d5 4. Nc3 Be7 5. Bf4 0-0 6. e3 Nbd7 7. a3 c6 8. Qc2 a6 9. cxd5 exd5 10. Bd3 Re8 11. 0-0 Nf8 12. h3 Ne6 13. Be5 g6 14. Rad1 Ng7 15. Rfe1 Bf5 16. Bxf6 Bxd3 17. Rxd3 Bxf6 18. e4 Qd7 19. Rde3 Ne6 20. exd5 cxd5 21. Qb3 Rad8 22. Ne5 Qd6 23. Qxb7 Re7 24. Qb4 Qxb4 25. axb4 Nxd4 26. Ng4 1-0

[Event "Sitges Sunway op 8th"]
[Site "Sitges"]
[Date "2021.12.19"]
[Round "6"]
[White "Galiana Fernandez, Adrian"]
[Black "Namitbir, Singh Walia"]
[Result "1-0"]
[WhiteElo "2333"]
[BlackElo "2093"]
[PlyCount "93"]
[EventDate "2021.12.13"]
[EventType "swiss"]
[EventRounds "10"]
[EventCountry "ESP"]
[SourceTitle "CBM 205 Extra"]
[Source "ChessBase"]
[SourceDate "2022.01.31"]
[SourceVersion "1"]
[SourceVersionDate "2022.01.31"]
[SourceQuality "1"]

1. e4 e5 2. Nf3 Nc6 3. Bb5 a6 4. Ba4 Nf6 5. 0-0 Be7 6. Re1 b5 7. Bb3 d6 8. c3 0-0 9. h3 Nb8 10. d4 Nbd7 11. c4 c6 12. Qc2 Bb7 13. a3 h6 14. Nc3 Re8 15. Be3 Qc7 16. Rac1 Bf8 17. cxb5 cxb5 18. d5 Rec8 19. Qe2 Qd8 20. Nd2 Nc5 21. Bc2 g6 22. Bb1 Bg7 23. b4 Ncd7 24. Nb3 Nb6 25. Na5 Rab8 26. Bd3 Nfd7 27. a4 Nc4 28. Nxc4 bxc4 29. Bxc4 Nb6 30. Bxa6 Bxa6 31. Qxa6 Nc4 32. Ba7 Ra8 33. Nb5 Bf8 34. Rc2 Be7 35. Qb7 Bg5 36. Ree2 Bf4 37. g3 Nd2 38. Bb6 Qf8 39. Rxc8 Rxc8 40. Bc7 Bg5 41. Nxd6 Ra8 42. a5 f5 43. exf5 gxf5 44. Nxf5 Re8 45. Qc6 Kh7 46. Qd7+ Kg8 47. Bd6 1-0

[Event "Sitges Sunway op 8th"]
[Site "Sitges"]
[Date "2021.12.15"]
[Round "3"]
[White "Bommini, Mounika Akshaya"]
[Black "Galiana Fernandez, Adrian"]
[Result "0-1"]
[WhiteElo "2107"]
[BlackElo "2333"]
[PlyCount "62"]
[EventDate "2021.12.13"]
[EventType "swiss"]
[EventRounds "10"]
[EventCountry "ESP"]
[SourceTitle "CBM 205 Extra"]
[Source "ChessBase"]
[SourceDate "2022.01.31"]
[SourceVersion "1"]
[SourceVersionDate "2022.01.31"]
[SourceQuality "1"]

1. e4 e5 2. Nc3 Nf6 3. f4 d5 4. fxe5 Nxe4 5. Qf3 Nc6 6. Nxe4 Nd4 7. Qc3 dxe4 8. Ne2 Nc6 9. b3 Bf5 10. Ng3 Bb4 11. Qc4 Bg6 12. a3 Ba5 13. b4 Bb6 14. Bb2 e3 15. d3 Qg5 16. Be2 0-0 17. d4 h5 18. Bf3 Qf4 19. Ne2 Qh4+ 20. g3 Nxe5 21. Qd5 Nxf3+ 22. Qxf3 Qe4 23. 0-0 Qxc2 24. Bc1 Rae8 25. Bxe3 Qd3 26. Kf2 Be4 27. Qf4 Bc6 28. Rfd1 Qh7 29. Nc3 Qc2+ 30. Bd2 Qd3 31. Be1 Bxd4+ 0-1

[Event "Sitges Sunway op 8th"]
[Site "Sitges"]
[Date "2021.12.14"]
[Round "2"]
[White "Galiana Fernandez, Adrian"]
[Black "Suleymanli, Aydin Elshan"]
[Result "0-1"]
[WhiteElo "2333"]
[BlackElo "2537"]
[PlyCount "44"]
[EventDate "2021.12.13"]
[EventType "swiss"]
[EventRounds "10"]
[EventCountry "ESP"]
[SourceTitle "CBM 205 Extra"]
[Source "ChessBase"]
[SourceDate "2022.01.31"]
[SourceVersion "1"]
[SourceVersionDate "2022.01.31"]
[SourceQuality "1"]

1. e4 c6 2. d4 d5 3. e5 Bf5 4. Nf3 e6 5. Be2 Nd7 6. 0-0 h6 7. a4 Ne7 8. c3 g5 9. Na3 c5 10. c4 Bg7 11. cxd5 Nxd5 12. Nc4 0-0 13. dxc5 Nxc5 14. h4 gxh4 15. Nd4 Bg6 16. Ra3 Nb6 17. Bf4 Nxc4 18. Bxc4 Rc8 19. Ba2 Qd7 20. Nb5 Nd3 21. Bh2 Rfd8 22. Nd6 Nxe5 0-1

[Event "ESP-ch 86th"]
[Site "Linares"]
[Date "2021.08.23"]
[Round "8"]
[White "Anton Guijarro, David"]
[Black "Galiana Fernandez, Adrian"]
[Result "1-0"]
[WhiteElo "2659"]
[BlackElo "2278"]
[PlyCount "95"]
[EventDate "2021.08.16"]
[EventType "swiss"]
[EventRounds "9"]
[EventCountry "ESP"]
[SourceTitle "CBM 204 Extra"]
[Source "ChessBase"]
[SourceDate "2021.11.30"]
[SourceVersion "1"]
[SourceVersionDate "2021.11.30"]
[SourceQuality "1"]

1. d4 d5 2. Nf3 Nf6 3. c4 c6 4. e3 Bf5 5. Nc3 e6 6. Nh4 Bg6 7. Nxg6 hxg6 8. g3 Nbd7 9. Bg2 dxc4 10. Qe2 Nb6 11. 0-0 Bb4 12. Nb1 Qd7 13. Bd2 c5 14. dxc5 Bxc5 15. Ba5 0-0 16. Nd2 Rac8 17. Rfc1 Qb5 18. Bxb6 Qxb6 19. Nxc4 Qc7 20. Qe1 b5 21. Na5 Qb6 22. b4 Bd6 23. a3 Be5 24. Ra2 Nd5 25. Rac2 Ne7 26. Qe2 Rxc2 27. Rxc2 Rc8 28. Rxc8+ Nxc8 29. Nc6 Bf6 30. Qd3 Ne7 31. Qd7 Nxc6 32. Bxc6 Qb8 33. Bxb5 Bb2 34. a4 Bc3 35. Qe7 Qf8 36. Qxa7 Qxb4 37. Qb8+ Kh7 38. Qc7 Kg8 39. Qc8+ Kh7 40. Qb7 Kg8 41. Kg2 Qc5 42. Qa8+ Kh7 43. Be8 Qf5 44. Qb7 Kg8 45. e4 Qf6 46. Bxf7+ Kh7 47. Qc8 Qxf7 48. Qxc3 1-0

[Event "ESP-ch 86th"]
[Site "Linares"]
[Date "2021.08.20"]
[Round "5"]
[White "Galiana Fernandez, Adrian"]
[Black "Merario Alarcon, Andres"]
[Result "1-0"]
[WhiteElo "2278"]
[BlackElo "2417"]
[PlyCount "49"]
[EventDate "2021.08.16"]
[EventType "swiss"]
[EventRounds "9"]
[EventCountry "ESP"]
[SourceTitle "CBM 204 Extra"]
[Source "ChessBase"]
[SourceDate "2021.11.30"]
[SourceVersion "1"]
[SourceVersionDate "2021.11.30"]
[SourceQuality "1"]

1. e4 Nc6 2. Nf3 d6 3. d4 Nf6 4. Nc3 g6 5. d5 Nb8 6. Be3 Bg7 7. Qd2 0-0 8. h3 a6 9. Bh6 b5 10. Bxg7 Kxg7 11. 0-0-0 b4 12. Ne2 c5 13. g4 Nxe4 14. Qe3 Nf6 15. Nf4 Nbd7 16. g5 Ne8 17. h4 Nb6 18. h5 Nc7 19. Bh3 Bb7 20. hxg6 hxg6 21. Be6 fxe6 22. Ne5 Rh8 23. Qd3 Qe8 24. Rxh8 Kxh8 25. Qh3+ 1-0

[Event "Alicante Easter op 5th"]
[Site "Alicante"]
[Date "2021.04.02"]
[Round "5"]
[White "Ladron de Guevara Pinto, Paolo"]
[Black "Galiana Fernandez, Adrian"]
[Result "1-0"]
[WhiteElo "2440"]
[BlackElo "2203"]
[PlyCount "58"]
[EventDate "2021.03.31"]
[EventType "swiss"]
[EventRounds "9"]
[EventCountry "ESP"]
[SourceTitle "CBM 201 Extra"]
[Source "ChessBase"]
[SourceDate "2021.05.31"]
[SourceVersion "1"]
[SourceVersionDate "2021.05.31"]
[SourceQuality "1"]

1. e4 e5 2. Nf3 Nc6 3. Bb5 a6 4. Ba4 Nf6 5. 0-0 Bc5 6. c3 b5 7. Bc2 d5 8. d3 0-0 9. Nbd2 Be6 10. a4 Qd7 11. Qe2 Bb6 12. axb5 axb5 13. Rxa8 Rxa8 14. d4 exd4 15. e5 Ng4 16. cxd4 Nh6 17. Nb3 Nf5 18. Rd1 Na5 19. Nxa5 Rxa5 20. Qd3 g6 21. Bg5 b4 22. Bf6 c5 23. Qd2 Qc8 24. dxc5 Qxc5 25. Rc1 Qf8 26. Bxf5 Bxf5 27. Nd4 Bd7 28. h3 h6 29. Nc6 Bc5 1-0

[Event "La Nucia Blitz op"]
[Site "La Nucia"]
[Date "2020.10.31"]
[Round "2"]
[White "Galiana Fernandez, Adrian"]
[Black "Arizmendi Martinez, Julen Luis"]
[Result "1-0"]
[WhiteElo "2141"]
[BlackElo "2509"]
[PlyCount "53"]
[EventDate "2020.10.31"]
[EventType "swiss (blitz)"]
[EventRounds "8"]
[EventCountry "ESP"]
[SourceTitle "EXT 2023"]
[Source "ChessBase"]
[SourceDate "2022.10.05"]
[SourceVersion "1"]
[SourceVersionDate "2022.10.05"]
[SourceQuality "1"]

1. e4 e6 2. d4 d5 3. e5 c5 4. c3 Qb6 5. Nf3 Nc6 6. Be2 Nh6 7. 0-0 cxd4 8. Bxh6 gxh6 9. cxd4 Qxb2 10. Nbd2 Bg7 11. Nb3 Qa3 12. Re1 0-0 13. Bd3 Nb4 14. Bb1 b6 15. Re3 Qa4 16. a3 Nc6 17. Qd3 Rd8 18. Bc2 Kf8 19. Qxh7 Qc4 20. Rc1 Qa4 21. Nh4 Nxd4 22. Nxd4 Qxd4 23. Ng6+ fxg6 24. Rf3+ Ke8 25. Ba4+ Qxa4 26. Qg8+ Kd7 27. Rf7# 1-0

[Event "Mutxamel IM 2nd"]
[Site "Mutxamel"]
[Date "2020.09.01"]
[Round "4"]
[White "Galiana Fernandez, Adrian"]
[Black "Sos Andreu, Eric"]
[Result "1/2-1/2"]
[WhiteElo "2260"]
[BlackElo "2343"]
[PlyCount "39"]
[EventDate "2020.08.31"]
[EventType "tourn"]
[EventRounds "9"]
[EventCountry "ESP"]
[SourceTitle "CBM 198 Extra"]
[Source "ChessBase"]
[SourceDate "2020.11.30"]
[SourceVersion "1"]
[SourceVersionDate "2020.11.30"]
[SourceQuality "1"]

1. e4 c6 2. d4 d5 3. e5 Bf5 4. Nf3 e6 5. Be2 c5 6. Be3 cxd4 7. Nxd4 Ne7 8. 0-0 Nbc6 9. Bb5 a6 10. Bxc6+ bxc6 11. c3 c5 12. Nb3 Nc6 13. Nxc5 Bxc5 14. Bxc5 Nxe5 15. Nd2 f6 16. Qh5+ Bg6 17. Qh3 Bf5 18. Qh5+ Bg6 19. Qh3 Bf5 20. Qh5+ 1/2-1/2

[Event "EU-ch Online U2300 Final"]
[Site "Chess.com INT"]
[Date "2020.05.26"]
[Round "2"]
[White "Galiana Fernandez, Adrian"]
[Black "Mesnyankin, Nikita"]
[Result "0-1"]
[WhiteElo "2260"]
[BlackElo "2176"]
[PlyCount "40"]
[EventDate "2020.05.26"]
[EventType "swiss"]
[EventRounds "8"]
[EventCountry "NET"]
[SourceTitle "CBM 196 Extra"]
[Source "ChessBase"]
[SourceDate "2020.07.31"]
[SourceVersion "1"]
[SourceVersionDate "2020.07.31"]
[SourceQuality "1"]

1. e4 e5 2. Nf3 Nc6 3. Bb5 a6 4. Ba4 Nf6 5. 0-0 Be7 6. Re1 b5 7. Bb3 0-0 8. d4 d6 9. c3 h6 10. Be3 Bb7 11. Nbd2 Re8 12. Bc2 Bf8 13. d5 Ne7 14. Nh4 g6 15. Qf3 Bg7 16. b3 g5 17. Nf5 Nxf5 18. exf5 Bxd5 19. Ne4 Bxe4 20. Bxe4 g4 0-1

[Event "EU-ch Online U2300 Final"]
[Site "Chess.com INT"]
[Date "2020.05.26"]
[Round "6"]
[White "Grigoryan, Aram"]
[Black "Galiana Fernandez, Adrian"]
[Result "0-1"]
[WhiteElo "1996"]
[BlackElo "2260"]
[PlyCount "116"]
[EventDate "2020.05.26"]
[EventType "swiss"]
[EventRounds "8"]
[EventCountry "NET"]
[SourceTitle "CBM 196 Extra"]
[Source "ChessBase"]
[SourceDate "2020.07.31"]
[SourceVersion "1"]
[SourceVersionDate "2020.07.31"]
[SourceQuality "1"]

1. d4 Nf6 2. c4 g6 3. Nc3 d5 4. cxd5 Nxd5 5. e4 Nxc3 6. bxc3 Bg7 7. Nf3 c5 8. Be3 Bg4 9. Rc1 0-0 10. d5 e6 11. c4 exd5 12. exd5 Re8 13. h3 Qa5+ 14. Qd2 Qxd2+ 15. Nxd2 Bf5 16. g4 Bd7 17. Bg2 f5 18. gxf5 Bxf5 19. 0-0 Nd7 20. Nf3 b6 21. Rfe1 Nf6 22. Nh4 Be4 23. Nf3 Rad8 24. Ng5 Bf5 25. Bf4 Nh5 26. Bc7 Rc8 27. d6 Bh6 28. Bd5+ Kg7 29. Ne6+ Bxe6 30. Bxe6 Bxc1 31. d7 Ra8 32. dxe8Q Rxe8 33. Be5+ Kh6 34. Bd7 Rd8 35. Bg4 Bf4 36. Bxh5 Bxe5 37. Rxe5 gxh5 38. Re7 Rd4 39. Rxa7 Rxc4 40. Rb7 Rb4 41. a4 Kg5 42. Kg2 Kf4 43. a5 bxa5 44. Rxh7 Kg5 45. Rc7 Rc4 46. Kg3 Rc3+ 47. Kg2 a4 48. Ra7 a3 49. Ra4 c4 50. Ra5+ Kf4 51. Rxh5 a2 52. Ra5 Rc2 53. h4 Rb2 54. h5 c3 55. h6 c2 56. Ra4+ Kf5 57. h7 Rb8 58. Rb4 Rh8 0-1

[Event "Benidorm op U2300 18th"]
[Site "Benidorm"]
[Date "2019.11.30"]
[Round "2"]
[White "Galiana Fernandez, Adrian"]
[Black "Moreno Torralba, David"]
[Result "1/2-1/2"]
[WhiteElo "2259"]
[BlackElo "2100"]
[PlyCount "98"]
[EventDate "2019.11.29"]
[EventType "swiss"]
[EventRounds "10"]
[EventCountry "ESP"]
[SourceTitle "EXT 2022"]
[Source "ChessBase"]
[SourceDate "2021.10.06"]
[SourceVersion "1"]
[SourceVersionDate "2021.10.06"]
[SourceQuality "1"]

1. e4 c5 2. Nf3 e6 3. d4 cxd4 4. Nxd4 a6 5. Bd3 Qc7 6. 0-0 Nf6 7. Qe2 d6 8. f4 g6 9. f5 Bg7 10. Be3 0-0 11. Nc3 exf5 12. exf5 Nbd7 13. Rf4 g5 14. Rff1 Re8 15. Kh1 b5 16. Qd2 Ng4 17. Bg1 h6 18. Nd5 Qb7 19. Rae1 Rxe1 20. Rxe1 Ngf6 21. Ne7+ Kh8 22. Qa5 Nc5 23. Qd8+ Kh7 24. Qxd6 Nxd3 25. cxd3 Qd7 26. Nxc8 Rxc8 27. Qxa6 Nd5 28. Qxb5 Qd6 29. Qb7 Rc7 30. Qb8 Nf4 31. Re4 Qd7 32. Qb5 Qd6 33. f6 Qxf6 34. Nf5 Qxb2 35. Qxb2 Bxb2 36. d4 Rc2 37. h4 Ba3 38. g4 Rxa2 39. h5 Ra1 40. Re3 Nd5 41. Rb3 Nf6 42. Rb7 Nxg4 43. Rxf7+ Kg8 44. Rb7 Rf1 45. Ng3 Rf7 46. Rb3 Bf8 47. Kg2 Nf6 48. Rb6 Nd5 49. Rc6 Rf6 1/2-1/2

[Event "Barcelona Sants op 21st"]
[Site "Barcelona"]
[Date "2019.08.31"]
[Round "9"]
[White "Seul, Georg"]
[Black "Galiana Fernandez, Adrian"]
[Result "1-0"]
[WhiteElo "2422"]
[BlackElo "2295"]
[PlyCount "73"]
[EventDate "2019.08.23"]
[EventType "swiss"]
[EventRounds "10"]
[EventCountry "ESP"]
[SourceTitle "EXT 2020"]
[Source "ChessBase"]
[SourceDate "2019.10.17"]
[SourceVersion "1"]
[SourceVersionDate "2019.10.17"]
[SourceQuality "1"]

1. e4 e5 2. Bc4 Nf6 3. d3 c6 4. Nf3 d5 5. Bb3 a5 6. a4 Bd6 7. exd5 Nxd5 8. 0-0 0-0 9. Re1 Bg4 10. h3 Bh5 11. g4 Bg6 12. Nxe5 Qf6 13. d4 Na6 14. Na3 Qh4 15. Qf3 Nab4 16. Bd2 Rad8 17. Qg3 Qxg3+ 18. fxg3 c5 19. Nxg6 hxg6 20. c3 Nd3 21. Bxd5 Nxe1 22. Bxe1 cxd4 23. Bxb7 Bxa3 24. bxa3 dxc3 25. Bxc3 Rd3 26. Bxa5 Rb8 27. Bg2 Rb2 28. Be1 Rbb3 29. a5 Rxa3 30. Rxa3 Rxa3 31. Bb7 Ra1 32. Kf2 Kf8 33. a6 Ke7 34. Bd2 Kd6 35. Bf4+ Kc5 36. a7 Ra2+ 37. Ke1 1-0

[Event "ESP-chT CECLUB Div2"]
[Site "Linares"]
[Date "2019.08.20"]
[Round "2.4"]
[White "Reinaldo Castineira, Roi"]
[Black "Galiana Fernandez, Adrian"]
[Result "1/2-1/2"]
[WhiteElo "2467"]
[BlackElo "2295"]
[PlyCount "70"]
[EventDate "2019.08.19"]
[EventType "team-swiss"]
[EventRounds "7"]
[EventCountry "ESP"]
[SourceTitle "EXT 2020"]
[Source "ChessBase"]
[SourceDate "2019.10.17"]
[SourceVersion "1"]
[SourceVersionDate "2019.10.17"]
[SourceQuality "1"]
[WhiteTeam "Interrias Sanx Fontecarmoa"]
[BlackTeam "Enric Valor CC"]
[WhiteTeamCountry "ESP"]
[BlackTeamCountry "ESP"]

1. e4 e5 2. Nf3 Nc6 3. Bc4 Bc5 4. c3 Nf6 5. d4 exd4 6. e5 d5 7. Bb5 Ne4 8. cxd4 Bb6 9. Nc3 0-0 10. Be3 Bg4 11. h3 Bxf3 12. gxf3 Nxc3 13. bxc3 Qh4 14. f4 f5 15. Qf3 Rad8 16. Rg1 Ba5 17. Bd2 Ne7 18. Rg5 Ng6 19. Ke2 c5 20. dxc5 d4 21. Bc4+ Kh8 22. Rh5 dxc3 23. Rxh4 Nxh4 24. Qxb7 Rxd2+ 25. Ke3 g5 26. Rg1 c2 27. Qb2 gxf4+ 28. Kxf4 Rxf2+ 29. Ke3 Rf3+ 30. Ke2 f4 31. e6+ Bc3 32. Qxc2 Rd8 33. e7 Re3+ 34. Kf2 Rf3+ 35. Ke2 Re3+ 1/2-1/2